000
00310nam a2200109Ia 4500
008
231129s9999||||xx |||||||||||||| ||spa||
040
_b
spa
082
_a
R 759.9861 G633p
245
0
_a
Pedro Nel Gómez
264
_a
Bogotá Colombia: Casa Museo Maestro Pedro Nel Gómez ; Villegas Editores
942
_2
ddc
_c
BKS
999
_c
22540
_d
22540